มุมมองปกติ
มุมมองแบบ MARC
- กระทรวงศึกษาธิการ.
รายการ Corporate Name
001 - CONTROL NUMBER
- control field: 40675
003 - CONTROL NUMBER IDENTIFIER
- control field: NALT
005 - DATE AND TIME OF LATEST TRANSACTION
- control field: 20210304221759.0
008 - FIXED-LENGTH DATA ELEMENTS
- fixed length control field: 190702|| aca||aabn | a|a d
040 ## - CATALOGING SOURCE
- Original cataloging agency: NALT
110 2# - HEADING--CORPORATE NAME
- Corporate name or jurisdiction name as entry element: กระทรวงศึกษาธิการ.
- Subordinate unit: สำนักงานปลัดกระทรวง.
- Subordinate unit: สำนักนิติการ
